Asamblea conjunta obispos-sacerdotes /
Tallennettuna:
| Yhteisötekijä: | |
|---|---|
| Aineistotyyppi: | Kirja |
| Kieli: | espanja |
| Sarja: | (Biblioteca de Autores Cristanos ;
328) |
| Aiheet: | |
| Tagit: |
Ei tageja, Lisää ensimmäinen tagi!
|
MARC
| LEADER | 00000nam^a2200000^a^4500 | ||
|---|---|---|---|
| 001 | 000392514 | ||
| 005 | 20250521000000.0 | ||
| 009 | 20260310121242.75 | ||
| 037 | |a Acervo Xavier Clavigero | ||
| 041 | |a ESP | ||
| 082 | |a 200. |b BAC V. 328 | ||
| 110 | |a Iglesia Católica. |b Conferencia Episcopal Española. Comisión Episcopal del Clero | ||
| 245 | 1 | 0 | |a Asamblea conjunta obispos-sacerdotes / |c Comisión Episcopal del Clero ; pról. de Fernando Quiroga Palacios. |
| 264 | |a Madrid, España : |b Editorial Católica, |c 1971 | ||
| 300 | |a XXXVIII, 747 p. | ||
| 336 | |a texto |b txt |2 rdacontenido | ||
| 337 | |a sin mediación |b n |2 rdamedio | ||
| 338 | |a volumen |b nc |2 rdasoporte | ||
| 440 | 1 | |a (Biblioteca de Autores Cristanos ; |v 328) | |
| 649 | |a XX | ||
| 650 | |a Ministros Religiosos - |z España | ||
| 650 | |a Iglesia Católica en España - |x Tema Principal | ||
| 650 | |a Evangelización - |z España | ||
| 650 | |a Teología Pastoral - |z España - |x Tema Principal | ||
| 650 | |a Educación Religiosa - |z España | ||
| 650 | |a Catolicismo - |z España | ||
| 650 | |a Cristianismo y Sociedad - |z España | ||
| 650 | |a Cristianismo - |z España | ||
| 650 | |a Religión - |z España | ||
| 910 | |a Fondo General | ||
| 920 | |a Impresos - Libros | ||
| 930 | |a Colección General | ||
| 905 | |a 101 | ||
| 901 | |a 046373 |b IT1 |c ACC |u 20250521 | ||
| 902 | |a https://opac.biblio.iteso.mx/vufind/Record/000392514 | ||